00591nam a2200109Ia 4500008004100000245002200041300024900063650002800312856005000340999001900390952007200409170517s9999 xx 000 0 und d 4aThe Tax Free Tour aWhere do multinationals pay taxes and how much? Gaining insight from international tax experts, Backlight director Marije Meerman (the maker of Quants: The Alchemists of Wall Street and Money and Speed: Inside the Black Box), takes a look at... xBusiness and Economics. uhttp://topdocumentaryfilms.com/tax-free-tour/ c333325d333325 001040aCLbCLd2017-05-17l0r2017-05-17 00:00:00w2017-05-17yDF